Artes apodemicae and early modern travel culture, 1550-1700

Αποθηκεύτηκε σε:
Λεπτομέρειες βιβλιογραφικής εγγραφής
Άλλοι συγγραφείς: Enenkel, K. A. E. (Επιμελητής έκδοσης), Jong, Jan L. de (Επιμελητής έκδοσης)
Μορφή: Βιβλίο
Γλώσσα:English
Δημοσίευση: Leiden : Brill, 2019.
Σειρά:(Intersections : interdisciplinary studies in early modern culture ; 64)
Θέματα:
Ετικέτες: Προσθήκη ετικέτας
Δεν υπάρχουν, Καταχωρήστε ετικέτα πρώτοι!

MARC

LEADER 00000cam a2200000 a 4500
001 1/120875
008 200211s2019####ne ||||||| |||| ||eng||
020 |a 9789004401051 
040 |a GR-MyUa  |b gre  |c GR-MyUa  |e AACR2 
041 0 |a eng 
082 7 |a 910.409  |2 (23) 
245 0 0 |a Artes apodemicae and early modern travel culture, 1550-1700 /   |c edited by Karl A.E. Enenkel, Jan L. de Jong.  
260 |a Leiden :   |b Brill,   |c 2019.  
300 |a xix, 339 σ. ;   |c 23 εκ.  
490 0 |a (Intersections : interdisciplinary studies in early modern culture ;   |v 64)  
650 0 |a Travel  |x Early works to 1800  |v Congresses. 
650 0 |a Travel writing  |x History  |v Congresses. 
650 0 |a Voyages and travel  |x History  |v Congresses. 
700 1 |a Enenkel, K. A. E.  |e edt 
700 1 |a Jong, Jan L. de,  |e edt 
852 |a INST  |b LESVOS  |e 20200211  |h 910.409 ART  |p 005100062667  |q 005100062667  |t BK  |y 0 
920 |a ΠΜΣ Κρίση και Ιστορική Αλλαγή  |y Λέσβος  |z 2019-10 
970 |a Δημάκη  |b Μαρία  |z 11-02-2020